000 00261nam a2200097Ia 4500
001 985376
005 20250826221041.0
008 250824s9999 xx 000 0 und d
245 0 _aHayal Geçidi-Ejderha Dövmeli Adam
_cHasan Bayraktar
260 _bKayalıpark Genç
999 _c985376
_d985376